Bericht über den stand der gemeindeangelegenheiten ... (Record no. 91315)

MARC details
000 -LEADER
fixed length control field 00418cam a2200169u 4500
001 - CONTROL NUMBER
control field unk81013497
003 - CONTROL NUMBER IDENTIFIER
control field DLC
005 - DATE AND TIME OF LATEST TRANSACTION
control field 20260227112758.0
008 - FIXED-LENGTH DATA ELEMENTS--GENERAL INFORMATION
fixed length control field 810522q gw 000 0 ger
010 ## - LIBRARY OF CONGRESS CONTROL NUMBER
LC control number unk81013497
040 ## - CATALOGING SOURCE
Original cataloging agency DLC
Transcribing agency CarP
Modifying agency DLC
050 00 - LIBRARY OF CONGRESS CALL NUMBER
Classification number JS19
Item number .M8
110 1# - MAIN ENTRY--CORPORATE NAME
Corporate name or jurisdiction name as entry element Munich (Germany)
245 10 - TITLE STATEMENT
Title Bericht über den stand der gemeindeangelegenheiten ...
260 ## - PUBLICATION, DISTRIBUTION, ETC.
Date of publication, distribution, etc. München
300 ## - PHYSICAL DESCRIPTION
Extent v.
Other physical details cm.

No items available.

Powered by Koha